[Event "4th Cap Verde-ch 2020"]
[Site "Mindelo"]
[Date "2020.10.18"]
[Round "7.4"]
[White "Fortes, Aires"]
[Black "Fernandes, Luis De Pina"]
[Result "0-1"]
[WhiteElo "1504"]
[BlackElo "1606"]
[Annotator "NA RC"]
[PlyCount "125"]
[EventDate "2020.10.08"]
[EventType "swiss"]
[EventCountry "KAP"]
[SourceTitle "playchess.com"]
[Source "ChessBase"]
[SourceQuality "1"]
[TimeControl "40/5400+30:1800+30"]

1. e4 {[%emt 0:00:00]} c5 {[%emt 0:04:26]} 2. Nc3 {[%emt 0:00:00]} Nc6 {[%emt 0:00:55]} 3. g3 {[%emt 0:00:10]} d6 {[%emt 0:01:58]} 4. Bg2 {[%emt 0:00:12]} g6 {[%emt 0:00:19]} 5. Nge2 {[%emt 0:00:54]} Bg7 {[%emt 0:00:09]} 6. O-O {[%emt 1:31:44]} Nf6 {[%emt 1:25:13]} 7. d3 {[%emt 0:00:00]} O-O {[%emt 0:00:00]} 8. f4 {[%emt 0:00:00]} Bg4 {[%emt 0:00:00]} 9. h3 {[%emt 0:00:00]} Bxe2 {[%emt 0:00:00]} 10. Nxe2 {[%emt 0:00:00]} e6 {[%emt 0:00:00]} 11. Be3 {[%emt 0:00:00]} Nd7 {[%emt 0:00:00]} 12. Rb1 {[%emt 0:00:00]} f5 {[%emt 0:00:00]} 13. a3 {[%emt 0:00:00]} Qc7 {[%emt 0:00:00]} 14. Qd2 {[%emt 0:00:00]} Rad8 {[%emt 0:00:00]} 15. b4 {[%emt 0:00:00]} b6 {[%emt 0:00:00]} 16. c3 {[%emt 0:00:00]} Nf6 {[%emt 0:00:00]} 17. Qa2 {[%emt 0:00:00]} Rde8 {[%emt 0:00:00]} 18. bxc5 {[%emt 0:00:00]} bxc5 {[%emt 0:00:00]} 19. e5 {[%emt 0:00:00]} Nd5 {[%emt 0:00:00]} 20. Bxd5 {[%emt 0:00:00]} exd5 {[%emt 0:00:00]} 21. Qxd5+ {[%emt 0:00:00]} Kh8 {[%emt 0:00:00]} 22. exd6 {[%emt 0:00:00]} Qd7 {[%emt 0:00:00]} 23. Kf2 {[%emt 0:00:00]} Re6 {[%emt 0:00:00]} 24. Bxc5 {[%emt 0:00:00]} Rfe8 {[%emt 0:00:00]} 25. Rb2 {[%emt 0:00:00]} Bf8 {[%emt 0:00:00]} 26. Nd4 {[%emt 0:00:00]} Nxd4 {[%emt 0:00:00]} 27. Bxd4+ {[%emt 0:00:00]} Bg7 {[%emt 0:00:00]} 28. Rb7 {[%emt 0:00:00]} Qxd6 {[%emt 0:00:00]} 29. Qxd6 {[%emt 0:00:00]} Rxd6 {[%emt 0:00:00]} 30. Bxg7+ {[%emt 0:00:00]} Kg8 {[%emt 0:00:00]} 31. Bd4 {[%emt 0:00:00]} Rde6 {[%emt 0:00:00]} 32. Be5 {[%emt 0:00:00]} Ra6 {[%emt 0:00:00]} 33. Rg7+ {[%emt 0:00:00]} Kf8 {[%emt 0:00:00]} 34. Rxh7 {[%emt 0:00:00]} Ree6 {[%emt 0:00:00]} 35. Rb1 {[%emt 0:00:00]} Rab6 {[%emt 0:00:00]} 36. Rxb6 {[%emt 0:00:00]} Rxb6 {[%emt 0:00:00]} 37. Rxa7 {[%emt 0:00:00]} Rb2+ {[%emt 0:00:00]} 38. Ke3 {[%emt 0:00:00]} Rg2 {[%emt 0:00:00]} 39. Kf3 {[%emt 0:00:00]} Rd2 {[%emt 0:00:00]} 40. Ke3 {[%emt 0:00:00]} Rg2 {[%emt 0:00:00]} 41. Kd4 {[%emt 0:09:08]} Rxg3 {[%emt 0:14:27]} 42. a4 {[%emt 0:00:21]} Rxh3 {[%emt 0:00:17]} 43. a5 {[%emt 0:00:55]} Rh4 {[%emt 0:00:01]} 44. Kd5 {[%emt 0:38:36]} g5 {[%emt 0:34:15]} 45. fxg5 {[%emt 0:00:00]} f4 {[%emt 0:00:00]} 46. g6 {[%emt 0:00:00]} f3 {[%emt 0:00:00]} 47. Rf7+ {[%emt 0:00:00]} Kg8 {[%emt 0:00:00]} 48. g7 {[%emt 0:00:00]} Kxf7 {[%emt 0:00:00]} 49. Bd4 {[%emt 0:02:30]} Rxd4+ {[%emt 0:02:30]} 50. cxd4 {[%emt 0:00:30]} f2 51. Kc6 {[%emt 0:00:30]} f1=Q {[%emt 0:01:00]} 52. a6 {[%emt 0:00:30]} Qf6+ {[%emt 0:00:30]} 53. Kb7 {[%emt 0:00:30]} Qe7+ {[%emt 0:00:30]} 54. Kb8 {[%emt 0:00:00]} Qd8+ {[%emt 0:00:00]} 55. Kb7 {[%emt 0:00:00]} Qd7+ {[%emt 0:00:00]} 56. Kb8 {[%emt 0:00:00]} Qb5+ {[%emt 0:00:00]} 57. Ka7 {[%emt 0:00:00]} Kxg7 {[%emt 0:00:00]} 58. d5 {[%emt 0:02:30]} Kf7 {[%emt 0:02:30]} 59. d4 {[%emt 0:00:30]} Ke7 {[%emt 0:00:30]} 60. d6+ {[%emt 0:00:30]} Kd7 {[%emt 0:00:30]} 61. d5 {[%emt 0:00:30]} Kc8 {[%emt 0:00:30]} 62. d7+ {[%emt 0:00:00]} Kxd7 {[%emt 0:00:00]} 63. d6 {[%emt 0:01:00]} 0-1